LEADER 02519nam 22006374a 450 001 9910454658703321 005 20200520144314.0 010 $a1-282-07524-1 010 $a9786612075247 010 $a1-935281-10-0 035 $a(CKB)1000000000747843 035 $a(EBL)434118 035 $a(OCoLC)327887620 035 $a(SSID)ssj0000192223 035 $a(PQKBManifestationID)11166075 035 $a(PQKBTitleCode)TC0000192223 035 $a(PQKBWorkID)10186876 035 $a(PQKB)10452865 035 $a(MiAaPQ)EBC434118 035 $a(Au-PeEL)EBL434118 035 $a(CaPaEBR)ebr10288128 035 $a(CaONFJC)MIL207524 035 $a(EXLCZ)991000000000747843 100 $a20080416d2009 uy 0 101 0 $aeng 135 $aur|n|---||||| 181 $ctxt 182 $cc 183 $acr 200 10$aLife on wheels$b[electronic resource] $ethe A to Z guide to living fully with mobility issues /$fGary Karp 205 $a2nd ed. 210 $aNew York, NY $cDemos Health ;$a[Berkeley, Calif.] $cDistributed by Publishers Group West$dc2009 215 $a1 online resource (499 p.) 300 $aDescription based upon print version of record. 311 $a1-932603-33-6 320 $aIncludes bibliographical references and index. 327 $aRehabilitation -- Healthy disability -- The experience of disability -- Wheelchair selection -- Intimacy, sex, and babies -- Spinal cord research -- Home access -- Getting out there. 330 $aThere are 1.7 million regular wheelchair users in the United States. Like anyone else, they work, marry, have children, travel, play sports, and are full members of their community. Life on Wheels makes sure they take full advantage of every available opportunity. It is the A-Z guide for all you need to know about every aspect of living with mobility impairment. This unique book offers an initial road map to the lifelong, complex, and fascinating road of the disability experience. 606 $aParaplegia$vPopular works 606 $aParaplegics$xCare 606 $aWheelchairs 606 $aParalysis$vPopular works 608 $aElectronic books. 615 0$aParaplegia 615 0$aParaplegics$xCare. 615 0$aWheelchairs. 615 0$aParalysis 676 $a616.8/42 700 $aKarp$b Gary$f1955-$0881055 801 0$bMiAaPQ 801 1$bMiAaPQ 801 2$bMiAaPQ 906 $aBOOK 912 $a9910454658703321 996 $aLife on wheels$91967812 997 $aUNINA LEADER 01892oam 2200577K 450 001 9910712910703321 005 20180924050120.3 024 8 $aGOVPUB-C13-4b1364c8ed9a0e80b412ddacde914e13 035 $a(CKB)5470000002499090 035 $a(OCoLC)570956054$z(OCoLC)301100033 035 $a(OCoLC)995470000002499090 035 $a(EXLCZ)995470000002499090 100 $a20100325d1975 ua 0 101 0 $aeng 135 $aurbn||||||abp 135 $aurbn||||||ada 181 $ctxt$2rdacontent 182 $cc$2rdamedia 183 $acr$2rdacarrier 200 12$aA gage block measurement process using single wavelength interferometry /$fJohn S. Beers 210 1$aWashington :$cU.S. Dept. of Commerce, National Bureau of Standards :$cFor sale by the Supt. of Docs., U.S. Govt. Print. Off.,$d1975. 215 $a1 online resource (iii, 30 pages) $cillustrations 225 1 $aNBS monograph ;$v152 320 $aIncludes bibliographical references. 606 $aGage blocks$xCalibration 606 $aInterferometry 606 $aCales- etalons$xEtalonnage 606 $aInterf erom etrie 606 $aGage blocks$xCalibration$2fast 606 $aInterferometry$2fast 615 0$aGage blocks$xCalibration. 615 0$aInterferometry. 615 6$aCales- etalons$xEtalonnage. 615 6$aInterf erom etrie. 615 7$aGage blocks$xCalibration. 615 7$aInterferometry. 676 $a602/.1 s 676 $a530/.8 686 $a52.71$2bcl 700 $aBeers$b John S$01394915 712 02$aUnited States.$bNational Bureau of Standards. 801 0$bOCLCE 801 1$bOCLCE 801 2$bOCLCQ 801 2$bOCLCO 801 2$bOCLCF 801 2$bOCLCQ 906 $aBOOK 912 $a9910712910703321 996 $aA gage block measurement process using single wavelength interferometry$93473844 997 $aUNINA